Województwa Polski - Statystyki

Ogólne statystyki
  • Ten quiz został rozwiązany 2 926 razy
  • Średni wynik to 13 z 16
Statystyki odpowiedzi
Województwo % Poprawnych
Mazowieckie
92%
Pomorskie
92%
Śląskie
91%
Małopolskie
88%
Lubelskie
86%
Wielkopolskie
86%
Lubuskie
85%
Zachodniopomorskie
85%
Dolnośląskie
83%
Podlaskie
78%
Warmińsko-Mazurskie
78%
Opolskie
77%
Kujawsko-Pomorskie
75%
Łódzkie
75%
Podkarpackie
75%
Świętokrzyskie
72%
Nie znaleziono quizów pasujących do podanych kryteriów
Rozkład punktacji
Procent ludzi z każdym wynikiem
Percentyl według liczby udzielonych odpowiedzi
Twoja historia wyników
Nie rozwiązałeś tego quizu